Beyond the black ocean.

Bibliographic Details
Main Author: McGrady, Thomas, 1863-1907
Format: Book
Language:English
Published: New York : Arno Press, 1971.
Series:Utopian literature.

MARC

Tag First Indicator Second Indicator Subfields
LEADER 00000cam a2200000 4500
001 in00000026455
005 20151007062529.0
008 711129r19711901nyu 00001 eng
010 |a  75154450  
035 |a (OCoLC)00175879 
035 |9 AAD5134AM 
040 |c URB  |d TXA  |d UtOrBLW 
049 |a TXAM [Also in] [Sp Coll]  |c 1 [1115561]  |a TXAS  |c 2 [1102070] 
090 |a PZ3.M177  |b Bey 1971 
100 1 |a McGrady, Thomas,  |d 1863-1907. 
245 1 0 |a Beyond the black ocean. 
264 1 |a New York :  |b Arno Press,  |c 1971. 
300 |a 304 pages ;  |c 21 cm. 
336 |a text  |b txt  |2 rdacontent 
337 |a unmediated  |b n  |2 rdamedia 
338 |a volume  |b nc  |2 rdacarrier 
490 1 |a Utopian literature 
500 |a Reprint of the 1901 edition published by Standard Pub. Co., Terre Haute, index. 
830 0 |a Utopian literature. 
999 |a MARS 
999 f f |s bc82db20-7a95-3b7a-a4ae-2a8ae5855585  |i 12a5356c-664d-3b2d-9f8d-aa2e229e42e0  |t 0 
952 f f |p ric  |a Texas A&M University  |b Rellis Campus  |c Joint Library Facility  |d Remote Storage  |t 0  |e PZ3.M177 Bey 1971  |h Library of Congress classification  |i unmediated -- volume  |m A14804255646 
952 f f |p noncirc  |a Texas A&M University  |b College Station  |c Cushing Memorial Library & Archives  |d Cushing: Science Fiction (Does not check out)  |t 0  |e PZ3.M177 Bey 1971  |h Library of Congress classification  |i unmediated -- volume  |m A14800420354 
998 f f |a PZ3.M177 Bey 1971  |t 0  |l Cushing: Science Fiction (Does not check out) 
998 f f |a PZ3.M177 Bey 1971  |t 0  |l Remote Storage